000 00714nam a2200253Ia 4500
003 OSt
005 20221007063232.0
006 a|||||r|||| 00| 0
007 ta
008 221006b |||||||| |||| 00| 0 eng d
024 _a2,668
037 _cTextual
040 _aFLL
_cFLL
_beng
041 _2eng
_aeng
082 _aX:95:Z2, J2.2
100 _aBarwell N. Au.
_9683358
245 0 _aLaw relating to service in india
250 _a1st
260 _aBombay
_bOrent Longmans Ltd. India
_c1956
650 _aLaw relating to service in india
_9683943
700 _a Kar S.S. Au.
_9683944
942 _hX:95:Z2, J2.2
_cTEXL
_2CC
999 _c1130759
_d1130759